स्त्रीवाद की सैद्धांतिकी : (Record no. 53174)
[ view plain ]
| 000 -LEADER | |
|---|---|
| fixed length control field | 00626nam a2200193Ia 4500 |
| 005 - DATE AND TIME OF LATEST TRANSACTION | |
| control field | 20260429112246.0 |
| 008 - FIXED-LENGTH DATA ELEMENTS--GENERAL INFORMATION | |
| fixed length control field | 260429s9999||||xx |||||||||||||| ||und|| |
| 020 ## - INTERNATIONAL STANDARD BOOK NUMBER | |
| International Standard Book Number | 9788177146219 |
| 041 ## - LANGUAGE CODE | |
| Language | Hindi |
| 082 ## - DEWEY DECIMAL CLASSIFICATION NUMBER | |
| Classification number | 305.4082 |
| Item number | GIT |
| 100 ## - MAIN ENTRY--PERSONAL NAME | |
| Personal name | गीता, वी. |
| 245 #0 - TITLE STATEMENT | |
| Title | स्त्रीवाद की सैद्धांतिकी : |
| Remainder of title | जेंडर विमर्श / |
| Statement of responsibility, etc | वी. गीता |
| 250 ## - EDITION STATEMENT | |
| Edition statement | 1st ed. |
| 260 ## - PUBLICATION, DISTRIBUTION, ETC. (IMPRINT) | |
| Place of publication, distribution, etc | नई दिल्ली : |
| Name of publisher, distributor, etc | प्रकाशन संस्थान, |
| Date of publication, distribution, etc | 2018. |
| 300 ## - PHYSICAL DESCRIPTION | |
| Extent | 112 p.; Hb |
| 650 ## - SUBJECT ADDED ENTRY--TOPICAL TERM | |
| Topical term or geographic name as entry element | Feminism |
| 700 ## - ADDED ENTRY--PERSONAL NAME | |
| Personal name | ऋचा |
| 942 ## - ADDED ENTRY ELEMENTS (KOHA) | |
| Koha item type | Text Books |
| Withdrawn status | Lost status | Damaged status | Not for loan | Collection code | Home library | Location | Shelving location | Date of Cataloging | Source of acquisition | Total Checkouts | Full call number | Barcode | Date last seen | Price effective from | Koha item type |
|---|---|---|---|---|---|---|---|---|---|---|---|---|---|---|---|
| Non-fiction | CUTN Central Library | CUTN Central Library | Social Sciences | 29/04/2026 | Segment Book Distributors, New Delhi - Invoice No. 71458 on 09-02-2026 | 305. 4082 GIT | 58489 | 29/04/2026 | 29/04/2026 | Text Books |
